MARC

LEADER 00000nam0a2200000 4500
001 248348
005 20231101232358.0
010 |a 5217002182 
035 |a (RuTPU)RU\TPU\book\270125 
090 |a 248348 
100 |a 20140122d1988 k y0rusy50 ca 
101 0 |a rus 
102 |a RU 
105 |a a g 001zy 
200 1 |a Динамика машин и управление машинами  |e справочник  |f под ред. Г. В. Крейнин 
210 |a Москва  |c Машиностроение  |d 1988 
215 |a 240 с.  |c ил. 
225 1 |a Основы проектирования машин 
320 |a Библиогр.: с. 230-231. 
320 |a Предметный указатель: с. 232-239. 
606 1 |a Машины  |x Динамика  |2 stltpush  |3 (RuTPU)RU\TPU\subj\41691  |9 61477 
610 1 |a справочники 
610 1 |a системное управление 
610 1 |a упругие звенья 
610 1 |a жесткие звенья 
610 1 |a приводы 
610 1 |a математические модели 
610 1 |a качество 
610 1 |a параметры 
675 |a 621.01:531.3(035)  |v 3 
702 1 |a Крейнин  |b Г. В.  |4 340 
801 1 |a RU  |b 63413507  |c 20140122 
801 2 |a RU  |b 63413507  |c 20140429  |g RCR 
942 |c BK